000 01516cam a2200361 i 4500
999 _c3637
_d3637
003 OSt
005 20200310130128.0
008 141209s2014 ii a b 001 0 eng d
020 _a9789383243037
020 _a9383243031
040 _aDKAGE
_beng
_cDKAGE
_erda
_dOCLCO
_dYDXCP
_dDLC
042 _alccopycat
_alcode
043 _aa-ii---
082 0 4 _a709.5485
_223
_bDAL
100 1 _aDallapiccola, Anna L.
_q(Anna Libera),
_d1944-
_eauthor.
245 1 0 _aRayalaseema the royal realm :
_barchitecture and art of southern Andhra Pradesh /
_cAnna L. Dallapiccola, George Michell, Anila Verghese ; photographs by Surendra Kumar.
300 _a144 pages :
_billustrations (colour) ;
_c33 cm
500 _a"Vol. 66 no. 1, September 2014"--Title page verso.
504 _aIncludes bibliographical references and index.
650 0 _aArt, Indic
_zIndia
_zRayalaseema.
650 0 _aHindu architecture
_zIndia
_zRayalaseema.
650 0 _aHindu art
_zIndia
_zRayalaseema.
650 0 _aSculpture, Indic
_zIndia
_zRayalaseema.
650 0 _aTemples
_zIndia
_zRayalaseema.
700 1 _aMichell, George,
_eauthor.
700 1 _aVerghese, Anila,
_eauthor.
700 0 _aSurendra Kumar
_c(Photographer),
_ephotographer.
710 2 _aMarg Foundation (Mumbai, India),
_eissuing body.
856 4 2 _3Contributor biographical information
_uhttps://www.loc.gov/catdir/enhancements/fy1610/2014347311-b.html
906 _a7
_bcbc
_ccopycat
_d3
_encip
_f20
_gy-gencatlg
942 _2ddc